Online katalóg knižníc regiónu Turca

Nože rýchlo povedz (Record no. 21754)

MARC details
000 -LEADER
fixed length control field 01929cam a2200577 a 4500
001 - CONTROL NUMBER
control field 21754
003 - CONTROL NUMBER IDENTIFIER
control field VRT
005 - DATE AND TIME OF LATEST TRANSACTION
control field 20260309133405.0
008 - FIXED-LENGTH DATA ELEMENTS--GENERAL INFORMATION
fixed length control field 240318s2016 xo a b 000 p slo
015 ## - NATIONAL BIBLIOGRAPHY NUMBER
National bibliography number SNBA2016/04
020 ## - INTERNATIONAL STANDARD BOOK NUMBER
International Standard Book Number 9788081541445
Qualifying information (viaz.)
035 ## - SYSTEM CONTROL NUMBER
System control number urn:nbn:sk:snk-am00a36t
035 ## - SYSTEM CONTROL NUMBER
System control number urn:nbn:sk:snk-am3h98b
035 ## - SYSTEM CONTROL NUMBER
System control number 15683E8D-57F2-45EB-A9AD-2252C39D2AE1
039 #9 - LEVEL OF BIBLIOGRAPHIC CONTROL AND CODING DETAIL [OBSOLETE]
Level of rules in bibliographic description 202403182232
Level of effort used to assign nonsubject heading access points VLOAD
Level of effort used to assign subject headings 201811301455
Level of effort used to assign classification VLOAD
Level of effort used to assign subject headings 201709061307
Level of effort used to assign classification msavuk34
Level of effort used to assign subject headings 201611211506
Level of effort used to assign classification mtotk19
040 ## - CATALOGING SOURCE
Original cataloging agency TTKJF
Language of cataloging slo
Transcribing agency TTKJF
Modifying agency SNK
Description conventions AACR2
041 0# - LANGUAGE CODE
Language code of text/sound track or separate title slo
044 ## - COUNTRY OF PUBLISHING/PRODUCING ENTITY CODE
MARC country code xo
ISO country code SK
072 #7 - SUBJECT CATEGORY CODE
Subject category code 821.162.4-1
Source Slovenská poézia $2 konspekt
072 #7 - SUBJECT CATEGORY CODE
Subject category code 821-93
Subject category code subdivision Literatúra pre deti a mládež (beletria)
Source konspekt
080 ## - UNIVERSAL DECIMAL CLASSIFICATION NUMBER
Universal Decimal Classification number 821.162.4-1
Edition identifier 2011
080 ## - UNIVERSAL DECIMAL CLASSIFICATION NUMBER
Universal Decimal Classification number (0.05-053.2:821-93)
Edition identifier 2011
080 ## - UNIVERSAL DECIMAL CLASSIFICATION NUMBER
Universal Decimal Classification number 82-193.1
Edition identifier 2011
100 1# - MAIN ENTRY--PERSONAL NAME
Personal name Čápka, Ján,
Dates associated with a name 1932-
Relationship aut
245 10 - TITLE STATEMENT
Title Nože rýchlo povedz
Remainder of title ilustrované hádanky
Statement of responsibility, etc. Ján Čápka ; [ilustrácie Tatiana Vrtochová]
260 ## - PUBLICATION, DISTRIBUTION, ETC.
Place of publication, distribution, etc. Žilina
Name of publisher, distributor, etc. Georg
Date of publication, distribution, etc. 2016
300 ## - PHYSICAL DESCRIPTION
Extent 47 s.
Other physical details fareb. ilustr.
Dimensions 31 cm
650 07 - SUBJECT ADDED ENTRY--TOPICAL TERM
Topical term or geographic name entry element hádanky
Source of heading or term SNKPH
650 07 - SUBJECT ADDED ENTRY--TOPICAL TERM
Topical term or geographic name entry element Riddles
Source of heading or term SNKPHeng
655 #7 - INDEX TERM--GENRE/FORM
Genre/form data or focus term slovenská poézia
Source of term SNKPH
655 #7 - INDEX TERM--GENRE/FORM
Genre/form data or focus term publikácie pre deti
Source of term SNKPH
655 #7 - INDEX TERM--GENRE/FORM
Genre/form data or focus term Slovak poetry
Source of term SNKPHeng
655 #7 - INDEX TERM--GENRE/FORM
Genre/form data or focus term Children's literature
Source of term SNKPHeng
700 1# - ADDED ENTRY--PERSONAL NAME
Personal name Vrtochová, Tatiana,
Dates associated with a name 1984-
Relationship ill
910 ## - USER-OPTION DATA (OCLC)
User-option data bjkdg
910 ## - USER-OPTION DATA (OCLC)
User-option data sllk
910 ## - USER-OPTION DATA (OCLC)
User-option data pokpoh
910 ## - USER-OPTION DATA (OCLC)
User-option data hevk
910 ## - USER-OPTION DATA (OCLC)
User-option data skpk
910 ## - USER-OPTION DATA (OCLC)
User-option data snk
910 ## - USER-OPTION DATA (OCLC)
User-option data vthk
910 ## - USER-OPTION DATA (OCLC)
User-option data totk
910 ## - USER-OPTION DATA (OCLC)
User-option data savuk
942 ## - ADDED ENTRY ELEMENTS (KOHA)
Source of classification or shelving scheme Dewey Decimal Classification
Koha item type Krásna literatúra pre deti
Suppress in OPAC No
949 ## - LOCAL PROCESSING INFORMATION (OCLC)
6 2889329673
a savukPV 24478
b savuk2017/3201
949 ## - LOCAL PROCESSING INFORMATION (OCLC)
6 270001000528994
a svkbbC 60990
b svkbbm 760556
949 ## - LOCAL PROCESSING INFORMATION (OCLC)
6 17A1183886
a snkSB 89862
b snk2016/8112
o 718/16
s 6100:20160504
949 ## - LOCAL PROCESSING INFORMATION (OCLC)
6 17A1183887
a snkSB 89862 D1
b snk2016/8113
o 718/16
949 ## - LOCAL PROCESSING INFORMATION (OCLC)
6 273K0640076
a svkpoD 4335
b svkpo635854
Holdings
Stav vyradenia Strata Poškodenie Spôsob nadobudnutia Domovská knižnica Aktuálna knižnica Dátum nadobudnutia Total checkouts Čiarový kód exemplára Date last seen Typ exemplára
      Dar Obecná knižnica Turčianska Štiavnička Obecná knižnica Turčianska Štiavnička 09.03.2026   4738000363 09.03.2026 Krásna literatúra pre deti
Projekt je podporený Slovenskou asociáciou knižníc
Prevádzkuje Turčianska knižnica Martin 2026